Syksyn sävel - Statistics

Yleistilastot
  • Tätä visaa on pelattu 35 kertaa
  • Keskiarvotulos 17 / 34
Vastaustilastot
Vuosi Esittäjä % Oikein
1978 Mikko Alatalo
89%
1980 Mikko Alatalo
89%
1981 Mikko Alatalo
89%
1986 Mikko Alatalo
89%
1975 Erkki Liikanen
78%
1976 Erkki Liikanen
78%
1970 Irwin Goodman
74%
1971 Irwin Goodman
74%
1988 Kirka
63%
1979 Lea Laven
63%
1999 Lea Laven
63%
1983 Jonna Tervomaa
56%
1977 Marion
52%
2001 Janne Tulkki
48%
1990 Rainer Friman
48%
1992 Rainer Friman
48%
1973 Jukka Kuoppamäki
44%
1998 Marita Taavitsainen
44%
1972 Sammy Babitzin
44%
1984 Anja Niskanen
37%
1982 Mika Sundqvist
37%
1969 Pasi Kaunisto
37%
1993 Pelimannet
37%
1968 Kristian
33%
2000 Antti Huovila
30%
1989 Ari Klem
30%
1997 Eino Grön
30%
1991 Kurre
30%
1996 Kari Vepsä
26%
1995 Pelimannet ja Benja
26%
1994 Eija Kantola
22%
1974 Jussi Raittinen & the Boys
19%
1985 Pentti Lasanen
19%
1987 Showdown
11%
Ehtoja vastaavia visoja ei löytynyt
Tulosjakauma
Jokaisen tuloksen saaneiden osuus
Persentiili vastausten määrän mukaan
Tuloshistoriasi
Et ole pelannut tätä visaa